000 00449cam a22001934a 4500
005 20250605164312.0
008 250528s ||||||||||||||||||||||||d
035 _a22526
020 _a9780471291985
040 _aGR-AtMCL
_bgre
_dGR-AtMCL
_eAACR2
245 1 _aA HISTORY OF GRAPHIC DESIGN
250 _a3
260 _bWiley,
_c1998
300 _a510
700 1 _aMeggs Philip B
_92392
942 _cBK
999 _c7575
_d7575